| 000 | 00420cam a2200169ua 4500 | ||
|---|---|---|---|
| 020 | _cRs.3/- | ||
| 041 |
_ahin _h |
||
| 082 |
_a891.54 _bBHA/GA |
||
| 100 | _aBhairav prasad gupt, . | ||
| 245 |
_aGanga maiya / _cBhairav prasad gupt. _hTextual Documents |
||
| 260 |
_a : _bRajkamal prakashan pvt Ltd , _c1960. |
||
| 300 | _a147 ; . | ||
| 365 | _aRs.3/- | ||
| 504 | _a | ||
| 942 | _cBK | ||
| 999 |
_c11640 _d11640 |
||